| 000 | 00391nam a2200169Ia 4500 | ||
|---|---|---|---|
| 008 | 230524s9999 xx 000 0 und d | ||
| 020 | _a9789352718702 | ||
| 082 |
_a363.34525 _bSUB |
||
| 100 | _aR Subramanian | ||
| 245 | 0 | _aDisaster Management | |
| 250 | _a1 | ||
| 260 |
_aNew Delhi _bVikas _c2018 |
||
| 300 | _a326p; | ||
| 500 | _aQuantity Number: 1 | ||
| 650 | _aCivil | ||
| 942 | _cBK | ||
| 999 |
_c60646 _d60646 |
||